Meranie environmentálnych veličín pomocou vývojovej dosky mikropočítača

Salvato in:
Dettagli Bibliografici
Autore principale: Shevtsov, Oleksii (Autore)
Altri autori: Marček, Stanislav (Relatore della tesi)
Natura: Manoscritto Libro
Lingua:slovacco
Pubblicazione: Bratislava : STU v Bratislave FEI, 2023
Soggetti:
Accesso online:https://opac.crzp.sk/?fn=detailBiblioFormChildG131AP&sid=08878EB2E7E37CD0989473C0752B&seo=CRZP-detail-kniha
Tags: Aggiungi Tag
Nessun Tag, puoi essere il primo ad aggiungerne!!

MARC

LEADER 00000ntm a22000003a 4500
001 stuzp89010
003 SK-STU
005 20241113143627.6
007 ta
008 150427s2015----xo-----f-mn---000-0-slo-d
040 |a STU  |b slo 
041 0 |a slo 
044 |a xo 
100 1 |a Shevtsov, Oleksii  |u 035000  |4 aut  |U FEI Fakulta elektrotechniky a informatiky  |T FEI Ústav informatiky a matematiky  |X 105851  |U E050  |Y 816  |7 105851 
242 0 1 |a Enviro-board sensors for microprocessor  |y eng 
245 1 0 |a Meranie environmentálnych veličín pomocou vývojovej dosky mikropočítača 
260 |a Bratislava :  |b STU v Bratislave FEI,  |c 2023 
300 |a 58 s., príl. 
650 4 |a Senzory  |2 slo 
650 4 |a painlessMesh  |2 slo 
650 4 |a Internet vecí  |2 slo 
650 4 |a Sensors  |2 eng 
650 4 |a PainlessMesh  |2 eng 
650 4 |a IoT  |2 eng 
700 1 |a Marček, Stanislav  |u 035000  |k Z1  |4 ths  |U FEI Fakulta elektrotechniky a informatiky  |T FEI Ústav informatiky a matematiky  |X 27068  |U E050  |Y 816  |7 A000027068 
856 4 |u https://opac.crzp.sk/?fn=detailBiblioFormChildG131AP&sid=08878EB2E7E37CD0989473C0752B&seo=CRZP-detail-kniha